000 00937cab a2200277 4500
001 ABS58887
008 090401t1998 xxu||||| |||| 00| 0 eng d
035 _a(Sirsi) u87039
041 _aeng
245 _aSecuritisation taking centre stage again?
260 _c1998
350 _a0
490 _aProperty Forecast
_v1(3) June 1998, 8-9(2)
520 _aDiscusses the increased interest in securitisation following the rises in stamp duty. Considers the advantages and disadvantages of property as an investment and the securitisation options available in the UK.
650 _aLIMITED PARTNERSHIPS
650 _aPORTFOLIOS
650 _aPROPERTY COMPANY SHARES
650 _aPROPERTY INDEX CERTIFICATES
650 _aPROPERTY INVESTMENT
650 _aPROPERTY UNIT TRUSTS
650 _aREITS
650 _aSECURITISATION
690 _aPROPERTY-PROPERTY FINANCE AND INVESTMENT
942 _n0
948 _c25/06/1998
999 _c54837
_d54837